000 00390nam a2200169Ia 4500
001 25896
003 IN-NITTTR
005 20251114233327.0
008 251113s9999||||xx |||||||||||||| ||eng||
040 _beng
040 _cIN-NITTTR
041 _aeng
082 _a305.4 P11G
100 _aPant, S. K.
245 0 _aGender bias in girl child education /
_cPant, S. K.
942 _2ddc
_cBK
999 _c28525
_d28525